'Divergent' Factions Quiz Stats

 Plays Quiz Updated Mar 18, 2020

Support Sporcle.
Go Orange.
Score 0/5 Timer 01:00
1 Play Today
Faction % Correct
Dauntless
94.5%
Candor
88.8%
Amity
86.6%
Erudite
84.5%
Abnegation
81%

From the Vault

Licensed Board Games

by MRL

Gaming 8m
You might say these games have a License to Thrill, but only if you were super nerdy.
Remove Ads.
Support Sporcle.
Get the best of Sporcle when you Go Orange. This ad-free experience offers more features, more stats, and more fun while also helping to support Sporcle. Thank you for becoming a member.

Show Comments

Extras

Top Quizzes Today


Score Distribution

Your Account Isn't Verified!

In order to create a playlist on Sporcle, you need to verify the email address you used during registration. Go to your Sporcle Settings to finish the process.

Report this User

Report this user for behavior that violates our Community Guidelines.

Details: